000 00614nam a2200229Ia 4500
003 OSt
005 20230429101251.0
008 210423s2018 xx 000 0 und d
020 _a978-93-528-0690-4
040 _cAL
041 _aeng
082 _a658.3
_223
_bPART
100 _aPAREEK (Udai);PUROHIT (Surabhi)
_994933
245 _aTraining instruments in HRD and OD Ed 4
250 _a4
260 _aNew Delhi
_bSage Publications
_c2018
300 _axxvi,616
_bPB
365 _b1595
_cINR
650 _aPersonnel Management
_994934
906 _aHRD ; instruments ; OD ; Training
942 _2ddc
_cBK
999 _c170412
_d170412